| 000 | 00000nam 2200000za 4500 |
| 001 | 9.837810 |
| 003 | CaOODSP |
| 005 | 20221107151229 |
| 007 | cr ||||||||||| |
| 008 | 170606s1988 onc |o f|0| 0 fre d |
| 040 | |aCaOODSP|bfre |
| 041 | |afre|beng |
| 043 | |an-cn--- |
| 086 | 1 |aCS11-614/88-26F-PDF |
| 100 | 1 |aDagum, Estela Bee. |
| 245 | 10|aRapport sur la pratique de la révision des séries chronologiques à Statistique Canada |h[ressource électronique] / |cpar Estelle Bee Dagum, Jocelyn Plourde et Benoit Quenneville. |
| 260 | |a[Ottawa] : |bStatistique Canada, |c1988. |
| 300 | |a[46] p. |
| 490 | 1 |aCahier de travail (Statistique Canada. Direction de la méthodologie) ; |v88-26 |
| 500 | |aÉdition numérisée de l'imprimé [par Statistique Canada]. |
| 500 | |a« Cahier de travail RASC-88-026F. » |
| 500 | |a« Juillet 1988. » |
| 504 | |aComprend des références bibliographiques. |
| 520 | |a« La révision des données dans les agences statistiques est une pratique courante. Il est evident que cette pratique est préférable à l'alternative de devoir attendre quelques années avant d'avoir accès à des données finales. En effet, beaucoup de consommateurs de ces données utilisent celles-ci pour les aider dans leur processus décisionnel. Il ne peuvent tout simplement pas se permettre d'utiliser de l'information vieille de quelques années »--Introduction. |
| 546 | |aSommaire en anglais. |
| 692 | 07|2gccst|aAnalyse statistique |
| 692 | 07|2gccst|aMéthodologie |
| 700 | 1 |aPlourde, Jocelyn. |
| 700 | 1 |aQuenneville, Benoit,|d1959- |
| 710 | 1 |aCanada. |bStatistique Canada. |bDirection de la méthodologie. |
| 830 | #0|aCahier de travail (Statistique Canada. Direction de la méthodologie)|v88-26|w(CaOODSP)9.834767 |
| 856 | 40|qPDF|s3.48 Mo|uhttps://publications.gc.ca/collections/collection_2017/statcan/11-613/CS11-614-88-26-fra.pdf |
| 986 | |a11-614F |